书目信息 |
| 题名: |
电网建设与运行环境保护
|
|
| 作者: | 禾志强 主编 ;内蒙古电力科学研究院 编著 | |
| 分册: | ||
| 出版信息: | 北京 中国电力出版社 2018.09 |
|
| 页数: | 124页 | |
| 开本: | 26cm | |
| 丛书名: | ||
| 单 册: | ||
| 中图分类: | X322 | |
| 科图分类: | ||
| 主题词: | 电网--dian wang--环境保护--研究--中国 | |
| 电子资源: | ||
| ISBN: | 978-7-5198-2309-2 | |
| 000 | 01265nam0 2200277 450 | |
| 001 | 0100009901 | |
| 005 | 20190905093950.0 | |
| 010 | @a978-7-5198-2309-2@dCNY39.00 | |
| 100 | @a20190831d2018 em y0chiy50 ea | |
| 101 | 0 | @achi |
| 102 | @aCN@b110000 | |
| 105 | @aak a 000yy | |
| 106 | @ar | |
| 200 | 1 | @a电网建设与运行环境保护@Adian wang jian she yu yun xing huan jing bao hu@f内蒙古电力科学研究院编著 |
| 210 | @a北京@c中国电力出版社@d2018.09 | |
| 215 | @a124页@c图@d26cm | |
| 314 | @a书内题: 禾志强主编 | |
| 314 | @a内蒙古电力科学研究院, 本书主要作者禾志强, 内蒙古电力科学研究院环保所所长, 长期从事电力环保工作, 曾在我社出版过两本环保类图书, 写作经验丰富。 | |
| 320 | @a有书目 (第122-124页) | |
| 330 | @a本书详细介绍了电网建设与运行中环境影响的产生、评价、测试方法, 以及减小环境影响的各种有效措施。全书共分为六章, 主要包括概述, 输变电工程环境影响评价, 电网建设过程中的环境问题及解决措施, 电网运行过程中的环境问题及解决措施, 电磁环境、噪声现场监测仪器, 电磁环境、噪声现场监测操作。 | |
| 606 | 0 | @a电网@Adian wang@x环境保护@x研究@y中国 |
| 690 | @aX322@v5 | |
| 701 | 0 | @a禾志强@Ahe zhi qiang@4主编 |
| 712 | 02 | @a内蒙古电力科学研究院@Anei meng gu dian li ke xue yan jiu yuan@4编著 |
| 801 | 0 | @aCN@c20190905 |
| 905 | @a河南城建学院图书馆@dX322@eH152 | |
| 电网建设与运行环境保护/内蒙古电力科学研究院编著.-北京:中国电力出版社,2018.09 |
| 124页:图;26cm |
| ISBN 978-7-5198-2309-2:CNY39.00 |
| 本书详细介绍了电网建设与运行中环境影响的产生、评价、测试方法, 以及减小环境影响的各种有效措施。全书共分为六章, 主要包括概述, 输变电工程环境影响评价, 电网建设过程中的环境问题及解决措施, 电网运行过程中的环境问题及解决措施, 电磁环境、噪声现场监测仪器, 电磁环境、噪声现场监测操作。 |
| ● |
| 相关链接 |
|
|
|
正题名:电网建设与运行环境保护
索取号:X322/H152
 
预约/预借
| 序号 | 登录号 | 条形码 | 馆藏地/架位号 | 状态 | 备注 |
| 1 | 1437170 | 214371703 | 自科库501/501自科库 66排5列3层/ [索取号:X322/H152] | 在馆 | |
| 2 | 1437171 | 214371712 | 自科库501/501自科库 66排5列3层/ [索取号:X322/H152] | 在馆 |